| 000 | 00435nam a2200169Ia 4500 | ||
|---|---|---|---|
| 003 | GCL | ||
| 008 | 140319s9999 xx 000 0 eng d | ||
| 040 |
_aGCL / _cGCL |
||
| 082 | 0 | 4 |
_a759 _bH L |
| 100 | 1 | _aHUGHES, ROBERT | |
| 245 | 1 | 0 |
_aLUCIAN FREUD PAINTINGS / _cHUGHES, ROBERT |
| 260 |
_a[S.N] : _bTHAMES AND HUDSON ، _c1989 |
||
| 300 | _a135 P | ||
| 650 | 0 | 4 | _aFREUD, LUCIAN |
| 650 | 0 | 4 | _aPAINTERS AND PAINTINGS |
| 942 |
_2ddc _cBK |
||
| 999 |
_c25533 _d25533 |
||